| 000 | 00314nam a22001217a 4500 | ||
|---|---|---|---|
| 020 | _a0080362508 | ||
| 082 |
_a623.451 _bBAI |
||
| 100 |
_aBailey, A _946757 |
||
| 245 |
_aExplosives, Propellants and Pyrotechnics / _cA. Bailey & S.G. Murray |
||
| 260 |
_aUK : _bBPCC , _c1989. |
||
| 300 | _a187p. ; | ||
| 942 |
_2ddc _cBK |
||
| 999 |
_c594112 _d594112 |
||